[Event "Boffres"]
[Site "Boffres"]
[Date "2015.05.08"]
[Round "3"]
[White "Kassis, Antoine1111"]
[Black "Devaux, Nicolas"]
[Result "1-0"]
[WhiteElo "2178"]
[BlackElo "1859"]
[PlyCount "75"]
[EventDate "2015.05.08"]
[EventType "game"]
[EventRounds "9"]
[EventCountry "FRA"]
[SourceTitle "EXT 2016"]
[Source "ChessBase"]
[SourceDate "2015.10.08"]
[SourceVersion "1"]
[SourceVersionDate "2015.10.08"]
[SourceQuality "1"]

1. d4 d5 2. c4 e6 3. Nc3 Nf6 4. cxd5 exd5 5. Bg5 Be7 6. e3 c6 7. Bd3 0-0 8. Qc2 Nbd7 9. Nge2 Re8 10. 0-0 Nf8 11. f3 Ng6 12. Rae1 Be6 13. Ng3 Rc8 14. f4 Bd7 15. f5 Nf8 16. Bxf6 Bxf6 17. Qf2 h6 18. Nh5 Nh7 19. e4 Bh4 20. Ng3 dxe4 21. Ncxe4 Qc7 22. Qf3 Qb6 23. Qf2 Qc7 24. Kh1 Rcd8 25. Re3 Bc8 26. Rf3 Qd7 27. f6 g6 28. Nc5 Qxd4 29. Qc2 Bxg3 30. Bxg6 Bc7 31. Bxh7+ Kh8 32. Bf5 Qd2 33. Qc4 Rg8 34. R3f2 Bxf5 35. Rxd2 Rxd2 36. Qh4 Kh7 37. g3 Rg4 38. Qh5 1-0

[Event "Torcy op-B"]
[Site "Torcy"]
[Date "1991.??.??"]
[Round "?"]
[White "Devaux, Nicolas"]
[Black "Giboyau, A."]
[Result "0-1"]
[WhiteElo "1640"]
[BlackElo "1650"]
[PlyCount "79"]
[EventDate "1991.04.??"]
[EventType "swiss"]
[EventRounds "9"]
[EventCountry "FRA"]
[SourceTitle "TD"]
[Source "ChessBase"]
[SourceDate "1994.03.01"]
[SourceVersion "1"]
[SourceVersionDate "1994.03.01"]
[SourceQuality "1"]

1. e4 e6 2. d4 d5 3. Nc3 Nf6 4. e5 Nfd7 5. Nf3 c5 6. dxc5 Bxc5 7. Bd3 0-0 8. Bxh7+ Kh8 9. Ng5 g6 10. Qg4 Nxe5 11. Qh4 Kg7 12. Nxe6+ fxe6 13. Qh6+ Kf7 14. Bg5 Be7 15. Bxg6+ Nxg6 16. Qh7+ Ke8 17. Qxg6+ Kd7 18. f4 Nc6 19. 0-0-0 Bxg5 20. fxg5 Ne7 21. Qg7 Rg8 22. Qe5 Nc6 23. Qf6 Rxg5 24. Qxd8+ Kxd8 25. Rdg1 Kc7 26. h4 Rg3 27. h5 Bd7 28. h6 Rh8 29. Kd2 Rg6 30. Nb5+ Kb6 31. Nd6 Rhxh6 32. Rxh6 Rxh6 33. g4 Rh7 34. g5 a6 35. c4 Rg7 36. Ke3 Kc7 37. c5 b6 38. g6 bxc5 39. Nf7 Be8 40. Nh8 0-1